KOHA-Header-6

The British in the Subcontinent (Record no. 12033)

000 -LEADER
fixed length control field 00303nam a22001337a 4500
020 ## - INTERNATIONAL STANDARD BOOK NUMBER
ISBN 96901014635
082 ## - DEWEY DECIMAL CLASSIFICATION NUMBER
Classification number 954.34
100 ## - MAIN ENTRY--AUTHOR NAME
Personal name Syed Ghulam Mustafa shah
245 ## - TITLE STATEMENT
Title The British in the Subcontinent
260 ## - PUBLICATION, DISTRIBUTION, ETC. (IMPRINT)
Place of publication Karachi
Name of publisher Ferozsons
Year of publication 2006
300 ## - PHYSICAL DESCRIPTION
Number of Pages 249
650 ## - SUBJECT ADDED ENTRY--TOPICAL TERM
Topical Term History
942 ## - ADDED ENTRY ELEMENTS (KOHA)
Koha item type Books
Holdings
Withdrawn status Lost status Permanent Location Current Location Full call number Accession Number Koha item type
    MAJU MAJU 954.34 Av344 Books

Powered by Koha